Online
Catalog

Módulo 2. Taller 5. Algoritmo de la multiplicación / (Record no. 46209)

MARC details
000 -CABECERA
campo de control de longitud fija 01200nam a2200253 a 4500
001 - NÚMERO DE CONTROL
campo de control 000046720
005 - FECHA Y HORA DE LA ÚLTIMA TRANSACCIÓN
campo de control 20201002053054.0
008 - DATOS DE LONGITUD FIJA--INFORMACIÓN GENERAL
campo de control de longitud fija 180320s2014 dr a r 000 0 spa d
020 ## - NÚMERO INTERNACIONAL ESTÁNDAR DEL LIBRO
Número Internacional Estándar del Libro 9789945896336
040 ## - FUENTE DE LA CATALOGACIÓN
Centro catalogador/agencia de origen DO-SdBNP
Lengua de catalogación spa
Centro/agencia transcriptor BNPHU
082 ## - NÚMERO DE LA CLASIFICACIÓN DECIMAL DEWEY
Número de clasificación xxxx
Número de documento/Ítem G643m
100 1# - ENTRADA PRINCIPAL--NOMBRE DE PERSONA
Nombre de persona González, Nurys del Carmen
9 (RLIN) 29759
245 10 - MENCIÓN DE TÍTULO
Título Módulo 2. Taller 5. Algoritmo de la multiplicación /
Mención de responsabilidad, etc. Nurys del Carmen González.
260 ## - PUBLICACIÓN, DISTRIBUCIÓN, ETC.
Lugar de publicación, distribución, etc. Santo Domingo :
Nombre del editor, distribuidor, etc. MINERD ;
-- OEI,
Fecha de publicación, distribución, etc. 2014.
300 ## - DESCRIPCIÓN FÍSICA
Extensión 28 p. :
Otras características físicas il. ;
Dimensiones 28 cm.
490 1# - MENCIÓN DE SERIE
Mención de serie Desarrollo profesional docente, enseñanza de la lengua española
500 ## - NOTA GENERAL
Nota general Política de apoyo a los aprendizajes de los primeros grados de nivel básico en lectura, escritura y matemática.
500 ## - NOTA GENERAL
Nota general Regional educativa 05 San Pedro de Macorís, 12 Higüey, y 17 Monte Plata
500 ## - NOTA GENERAL
Nota general A la cabeza del título: Desarrollo Profesional Docente. Capacitación de Docentes para la Enseñanza de la Matemática
590 ## - NOTA LOCAL (RLIN)
Nota local Inventariado, 2018/BT
710 1# - PUNTO DE ACCESO ADICIONAL--NOMBRE DE ENTIDAD CORPORATIVA
Nombre de entidad corporativa o nombre de jurisdicción como elemento de entrada República Dominicana
Unidad subordinada Ministerio de Educación
9 (RLIN) 43100
700 12 - PUNTO DE ACCESO ADICIONAL--NOMBRE DE PERSONA
Nombre de persona Organización de Estados Iberoamericanos
9 (RLIN) 74658
830 #0 - PUNTO DE ACCESO ADICIONAL DE SERIE-TÍTULO UNIFORME
Título uniforme Desarrollo profesional docente, enseñanza de la lengua española
9 (RLIN) 74659
Holdings
Estado de retiro Estado de pérdida No para préstamo Código de colección Localización permanente Ubicación/localización actual Ubicación en estantería Fecha de adquisición Número de inventario Total de préstamos Signatura topográfica completa Código de barras Fecha visto por última vez Precio válido a partir de Tipo de ítem Koha
      Patrimonio Dominicano General General Orden iniciada 20.03.2018 LF1   xxxx G643m 46720-30 25.06.2020 25.06.2020 Libro y Folleto Colección Patrimonio Dominicano
      Patrimonio Dominicano Patrimonio Dominicano Patrimonio Dominicano Orden iniciada 20.03.2018 LF1   xxxx G643m 46720-10 25.06.2020 25.06.2020 Libro y Folleto Colección Patrimonio Dominicano
      Patrimonio Dominicano Patrimonio Dominicano Patrimonio Dominicano Orden iniciada 20.03.2018 LF1   xxxx G643m 46720-20 25.06.2020 25.06.2020 Libro y Folleto Colección Patrimonio Dominicano

Powered by Koha